000
00287nam a2200121Ia 4500
005
20251222154439.0
008
251222s9999||||xx |||||||||||||| ||spa||
020
_a
84-7291-711-8
082
_a
828.5/S98/1984
100
_a
"Swift, Jonathan"
245
0
_a
Viajes de Gulliver
942
_c
LIB
999
_c
36742
_d
36742